000 00522nam a2200181Ia 4500
003 GCL
008 140319s9999 xx 000 0 eng d
040 _aGCL /
_cGCL
082 0 4 _a658.8348
_bP T
100 1 _aPIRKL, JAMES J
245 1 0 _aTRANSGENERATIONAL DESIGN: PRODUCTS FOR AN AGING POPULATION /
_cPIRKL, JAMES J
260 _a[S.N] :
_bVAN NOSTRAND COMPANY ،
_c1993
300 _a225 P
650 0 4 _aAGED AS CONSUMERS-UNITED STATS
650 0 4 _aMANAGEMENT
650 0 4 _aAGING - UNITED STATES
942 _2ddc
_cBK
999 _c13891
_d13891